000 00883nam a2200277 a 4500
001 BRL_1675
005 20190320211322.0
008 230414s1936----sp-a######---#000-0#spa-#
041 _aspa
044 _asp
050 4 _aE59.A7
_b.S65 1936
100 1 _aSolá, Miguel
_927598
245 1 0 _aHistoria del arte precolombino
_cMiguel Solá.
260 _aBarcelona
_bLabor
_c1936
300 _a244 p.
_bil., láminas
_c19 cm.
440 0 _aColección Labor. Sección IV: Artes plásticas
_v391-392
_927599
440 0 _aBiblioteca de iniciación cultural
_927600
500 _aAu2158
504 _aBibliografía: p. 241-244
650 1 4 _aArte indígena
_xHistoria
_927601
650 1 4 _aIndígenas de América Central
_xArte
_927602
650 1 4 _aIndígenas de América del Sur
_xArte
_919274
651 4 _aAmérica Latina
_xAntigüedades
_927603
902 _aGRL
942 _2lcc
_cB
999 _c10484
_d10484